<?xml version="1.0" encoding="UTF-8"?>
<record
    xmlns:xsi="http://www.w3.org/2001/XMLSchema-instance"
    xsi:schemaLocation="http://www.loc.gov/MARC21/slim http://www.loc.gov/standards/marcxml/schema/MARC21slim.xsd"
    xmlns="http://www.loc.gov/MARC21/slim">

  <leader>03196nam a2200385 a 4500</leader>
  <controlfield tag="001">ebr10346898</controlfield>
  <controlfield tag="003">CaPaEBR</controlfield>
  <controlfield tag="006">m        u        </controlfield>
  <controlfield tag="007">cr cn|||||||||</controlfield>
  <controlfield tag="008">071024s2008    dcua    sb    001 0 eng  </controlfield>
  <datafield tag="010" ind1=" " ind2=" ">
    <subfield code="z">  2007044218</subfield>
  </datafield>
  <datafield tag="015" ind1=" " ind2=" ">
    <subfield code="a">GBA848912</subfield>
    <subfield code="2">bnb</subfield>
  </datafield>
  <datafield tag="016" ind1="7" ind2=" ">
    <subfield code="z">101319287</subfield>
    <subfield code="2">DNLM</subfield>
  </datafield>
  <datafield tag="016" ind1="7" ind2=" ">
    <subfield code="z">014567773</subfield>
    <subfield code="2">Uk</subfield>
  </datafield>
  <datafield tag="020" ind1=" " ind2=" ">
    <subfield code="z">9781555814236 (hardcover)</subfield>
  </datafield>
  <datafield tag="020" ind1=" " ind2=" ">
    <subfield code="z">1555814239 (hardcover)</subfield>
  </datafield>
  <datafield tag="040" ind1=" " ind2=" ">
    <subfield code="a">CaPaEBR</subfield>
    <subfield code="c">CaPaEBR</subfield>
  </datafield>
  <datafield tag="035" ind1=" " ind2=" ">
    <subfield code="a">(OCoLC)607896150</subfield>
  </datafield>
  <datafield tag="050" ind1="1" ind2="4">
    <subfield code="a">QR105</subfield>
    <subfield code="b">.H54 2008eb</subfield>
  </datafield>
  <datafield tag="082" ind1="0" ind2="4">
    <subfield code="a">579</subfield>
    <subfield code="2">22</subfield>
  </datafield>
  <datafield tag="245" ind1="0" ind2="0">
    <subfield code="a">High-pressure microbiology</subfield>
    <subfield code="h">[electronic resource] /</subfield>
    <subfield code="c">edited by Chris Michiels, Douglas H. Bartlett, Abram Aertsen.</subfield>
  </datafield>
  <datafield tag="260" ind1=" " ind2=" ">
    <subfield code="a">Washington, DC :</subfield>
    <subfield code="b">ASM Press,</subfield>
    <subfield code="c">c2008.</subfield>
  </datafield>
  <datafield tag="300" ind1=" " ind2=" ">
    <subfield code="a">xii, 348 p. :</subfield>
    <subfield code="b">ill.</subfield>
  </datafield>
  <datafield tag="504" ind1=" " ind2=" ">
    <subfield code="a">Includes bibliographical references and index.</subfield>
  </datafield>
  <datafield tag="505" ind1="0" ind2=" ">
    <subfield code="a">High hydrostatic pressure effects in the biosphere : from molecules to microbiology / Filip Meersman and Karel Heremans -- Effects of hydrostatic pressure on viruses / Andr&#xFFFD;ea C. Oliveira ... [et al.] -- Effects of high pressure on bacterial spores / Peter Setlow -- Inactivation of escherichia coli by high pressure / Bernard M. Mackey and Pilar Ma&#xFFFD;nas -- Cellular impact of sublethal pressures on escherichia coli / Abram Aertsen and Chris W. Michiels -- Listeria monocytogenes high hydrostatic pressure resistance and survival strategies / Marjon Wells-Bennik ... [et al.] -- Effects of pressure on lactic acid bacteria / Rudi F. Vogel and Matthias A. Ehrmann -- Saccharomyces cerevisiae response to high hydrostatic pressure / Patricia M. B. Fernandes -- Effects of growth-permissive pressures on the physiology of saccharomyces cerevisiae / Fumiyoshi Abe -- Factors affecting inactivation of food-borne bacteria by high pressure / Margaret F. Patterson and Mark Linton -- Introduction to deep-sea microbiology / Douglas H. Bartlett -- Isolation, cultivation, and diversity of deep-sea piezophiles / Chiaki Kato, Yuichi Nogi, and Shizuka Arakawa -- Culture-independent characterization of microbial diversity in selected deep-sea sediments / Chiaki Kato ... [et al.] -- Deep-sea geomicrobiology / Jiasong Fang and Dennis A. Bazylinski -- Deep-sea fungi / Chandralata Raghukumar and Samir Damare -- Physiology and biochemistry of methanocaldococcus jannaschii at elevated pressures / Boonchai B. Boonyaratanakornkit and Douglas S. Clark -- Molecular biology of the model piezophile, shewanella violacea DSS12 / Chiaki Kato ... [et al.] -- Adaptations of the psychrotolerant piezophile photobacterium profundum strain SS9 / Douglas H. Bartlett, Gail Ferguson, and Giorgio Valle.</subfield>
  </datafield>
  <datafield tag="533" ind1=" " ind2=" ">
    <subfield code="a">Electronic reproduction.</subfield>
    <subfield code="b">Palo Alto, Calif. :</subfield>
    <subfield code="c">ebrary,</subfield>
    <subfield code="d">2013.</subfield>
    <subfield code="n">Available via World Wide Web.</subfield>
    <subfield code="n">Access may be limited to ebrary affiliated libraries.</subfield>
  </datafield>
  <datafield tag="650" ind1=" " ind2="0">
    <subfield code="a">Water</subfield>
    <subfield code="x">Microbiology.</subfield>
  </datafield>
  <datafield tag="650" ind1=" " ind2="0">
    <subfield code="a">Hydrostatic pressure</subfield>
    <subfield code="x">Physiological effect.</subfield>
  </datafield>
  <datafield tag="655" ind1=" " ind2="7">
    <subfield code="a">Electronic books.</subfield>
    <subfield code="2">local</subfield>
  </datafield>
  <datafield tag="700" ind1="1" ind2=" ">
    <subfield code="a">Michiels, Chris.</subfield>
  </datafield>
  <datafield tag="700" ind1="1" ind2=" ">
    <subfield code="a">Bartlett, Douglas Hoyt.</subfield>
  </datafield>
  <datafield tag="700" ind1="1" ind2=" ">
    <subfield code="a">Aertsen, Abram.</subfield>
  </datafield>
  <datafield tag="710" ind1="2" ind2=" ">
    <subfield code="a">ebrary, Inc.</subfield>
  </datafield>
  <datafield tag="856" ind1="4" ind2="0">
    <subfield code="u">http://site.ebrary.com/lib/rucke/Doc?id=10346898</subfield>
    <subfield code="z">An electronic book accessible through the World Wide Web; click to view</subfield>
  </datafield>
  <datafield tag="999" ind1=" " ind2=" ">
    <subfield code="c">32428</subfield>
    <subfield code="d">32428</subfield>
  </datafield>
</record>
